000 00282nam a2200121Ia 4500
008 240731s9999 xx 000 0 und d
022 _a1558-1489
245 0 _aChallenge
260 _bRoutledge
856 _uhttps://www.tandfonline.com/loi/mcha20
942 _2ddc
942 _cTFEJ
999 _c75802
_d75802
945 _a1
_bMadushi Gamage
_c1
_dMadushi Gamage